| 000 | 00677nam a2200205 i 4500 | ||
|---|---|---|---|
| 001 | bgj | ||
| 100 | 1 | _aHENNESSY, Michael | |
| 245 | 1 | 0 |
_aThe Random House Practice Book for Writers / _cMichael Hennessy. |
| 260 |
_aNew York : _bRandom House, _cc. 1988. |
||
| 300 |
_aXI, 336 pp : _b] ; _c21 cm. |
||
| 505 | _aThis is a collection of exercises designed to accompany The Random House Handbook, 5th edition, by Frederick Crews. | ||
| 650 | 9 |
_aEnglish language _xRhetoric |
|
| 650 | 9 |
_aEnglish language _xGrammar |
|
| 020 | _a0394381645 (pbk) | ||
| 040 | _cBPK | ||
| 041 | b | _aeng | |
| 920 | _a0-394-38164-5 (pbk) | ||
| 942 | _cKS | ||
| 008 | s uk f |000 0 eng | ||
| 999 |
_c47337 _d47337 |
||
| 856 |
_uhttp://koha.tu.koszalin.pl/cgi-bin/koha/opac-detail.pl?biblionumber=47337 _yKatalog online BPK |
||